| 000 | 00708nam a22002417a 4500 | ||
|---|---|---|---|
| 003 | UA-OsUOA | ||
| 001 | 77881 | ||
| 007 | ta | ||
| 008 | 20110926b un ||||| |||| 00| 0 ukr d | ||
| 100 | _aРашид А. | ||
| 090 |
_a94(581) _bР28 |
||
| 942 | _cBK | ||
| 040 |
_aUA-OsUOA _brus _cUA-OsUOA _dUA-OsUOA |
||
| 245 | _aТалибан.Ислам, нефть и новая Большая игра в Центральной Азии | ||
| 300 | _a368 с. | ||
| 955 | _a2 | ||
| 041 | _arus | ||
| 080 | _a94(581) | ||
| 020 | _a5-902005-03-5 | ||
| 260 |
_aМ. _bБиблион - Русская книга _c2003 |
||
| 650 | 7 |
_a9 Географія. Біографії. Історія _2UDC |
|
| 999 |
_c364185 _d364185 |
||